Statystyki dla Imiona męskie na G

Kliknij tutaj aby rozwiązać quiz!

Ogólne statystyki

  • Ten quiz został rozwiązany 458 razy
    (451 od ostatniego zresetowania)
  • Średni wynik to 3 z 9

Statystyki odpowiedzi

HintOdpowiedź% Poprawnych
8-literoweGrzegorz
93%
7-literoweGabriel
50%
6-literoweGustaw
44%
7-literoweGracjan
40%
5-literoweGaweł
20%
6-literoweGwidon
12%
7-literoweGniewko
10%
9-literoweGniewomir
8%
4-literoweGabo
4%

Rozkład punktacji

Percentyl według liczby udzielonych odpowiedzi

Procent ludzi z każdym wynikiem

Twoja historia wyników

Nie rozwiązałeś tego quizu od ostatniego zresetowania